Countries participating in the Sochi Olympics - Statistics

General Stats
  • This quiz has been taken 173 times
    152 since last reset
  • The average score is 64 of 83
Answer Stats
Answer % Correct
United States
97%
Norway
96%
Sweden
96%
Australia
95%
Brazil
95%
Finland
95%
Great Britain
94%
Argentina
93%
Canada
93%
South Korea
93%
Belgium
92%
China
92%
Denmark
92%
Russia
92%
Austria
90%
Ireland
90%
Netherlands
90%
Slovenia
90%
Iceland
89%
Japan
89%
Mexico
89%
New Zealand
89%
Serbia
89%
Slovakia
89%
Croatia
88%
Italy
88%
Poland
88%
Switzerland
88%
Germany
87%
Greece
87%
Portugal
87%
Estonia
86%
France
86%
Latvia
86%
Spain
86%
Turkey
86%
Belarus
85%
Chile
85%
India
85%
Ukraine
85%
Andorra
84%
Bulgaria
84%
Hungary
84%
Lithuania
83%
Albania
82%
Armenia
82%
Bosnia and Herzegovina
82%
Luxembourg
82%
Romania
82%
Czech Republic
81%
Iran
79%
Azerbaijan
78%
Jamaica
78%
Georgia
77%
Israel
75%
Kazakhstan
75%
Liechtenstein
75%
Uzbekistan
75%
San Marino
74%
Montenegro
73%
Macedonia
72%
Pakistan
72%
Peru
72%
Mongolia
71%
Monaco
69%
Moldova
68%
Malta
66%
Tajikistan
66%
Thailand
65%
Taiwan
61%
Cyprus
60%
Venezuela
58%
Morocco
55%
Nepal
55%
Paraguay
55%
Kyrgyzstan
52%
Lebanon
52%
Philippines
42%
Zimbabwe
41%
Dominica
36%
Tonga
32%
Togo
31%
Timor Leste
16%
No matching quizzes found
Score Distribution
Percent of People with Each Score
Percentile by Number Answered
Your Score History
You have not taken this quiz since the last reset